Statistiques concernant Le rap et les politiciens

Cliquez ici pour prendre le quiz!

Statistiques générales

  • Ce quiz a été pris 36 fois
  • Le résultat moyen est 5 sur 15

Statistiques - réponses

HintRéponse% Correct
Je préfère être accusé d’antisémitisme que de viol comme Gérald DarmaninFreeze Corleone
87%
Dans la mère à Manuel Valls, dans la mère à Donald Trump, j'ai des valeurs, je suis pas prêt à tout pour que les dollars pleuventNekfeu
65%
Marion Maréchal me suit sur Twitter, j'aimerais la baiser, briser son p'tit cœur. J'ai envoyé ma bite et un emoji fleur, bonjour au papy, j'suis pressé qu'il meureOrelsan
55%
J'vais sauver les miens avant les vôtres, gros, sinon, c'est pas la peine, mais sauver les siens avant les autres, gros, c'est l'programme des Le PenVald
48%
La bitch fait sa Françoise Hollande, je lui dis de partir, mais elle en redemandeDamso
45%
Pourquoi elle me dit ça j'vais pas lui faire à la DSKBooba
42%
Mais où est Jack Lang ? Au Maroc ou en Thaïlande, à tourner sa langue sept fois dans l’anus étroit de Laurent FabiusAlkpote
23%
Comme dans c'rêve où ma semence de nègre fout en cloque cette chienne de Marine Le PenYoussoupha
19%
Dans la grosse chatte à Rachida Dati, nique la justice ainsi que toute la policeHeuss l’enfoiré
16%
Faudrait r'ssortir la chaise pour Zemmour et B.H.LHugo TSR
16%
Eh, j'te menace comme Khabib menace Macron (ouh)Kalash Criminel
16%
J'ai un flow obèse comme Roselyne BachelotSefyu
13%
N’oubliez pas de menotter Chirac après son mandatDespo Rutti
10%
Que des gueules de pirates, plein d'escrocs comme ChiracRim’k
10%
Les jeunes voyagent en fumant un joint royal comme SégolèneSalif
3%

Distribution des résultats

Percentile par nombre de réponses

% des personnes avec chaque résultat

Votre développement - résultats

Vous n’avez pas pris ce quiz